Países Unidos #4 - Estadísticas

Estadísticas generales
  • Esta prueba ha sido intentada 6.656 veces
  • La puntuación promedio es 14 de 20
Respuestas en el mapa
Las respuestas están codificadas por una escala verde-roja en el mapa de la prueba según el % correcto abajo.
 
Estadísticas de respuestas
Country % Correcto
Estados Unidos
92%
México
90%
Chile
82%
Bolivia
79%
Alemania
76%
Chad
76%
Kazajistán
76%
Italia
73%
Países Bajos
72%
República Centroafricana
71%
República Democrática del Congo
71%
Uzbekistán
71%
Suiza
70%
Omán
69%
Yemen
68%
Ghana
58%
Uganda
58%
Costa de Marfil
56%
Ucrania
50%
Moldavia
46%
No se encontraron pruebas coincidentes
Distribución de puntuación
Porcentaje de gente con cada puntuación
Porcentaje por número respondido
Historial de tus puntuaciones
No has intentado esta prueba.